000 00578nam a2200217Ia 4500
005 20250326144359.0
008 250326s9999 xx 000 0 und d
020 _a978-1-4200-7824-4
037 _aTextbook
040 _aFMSL
_beng
_cFMSL
041 _aeng
_2eng
084 _aX:86 P9
_qFMSL
100 _aFuria G L De
_9749571
245 0 _aProject management recipes for success
_cFuria G L De
260 _aNY
_bNY, CRC
_c2009
300 _axxxii,263
365 _b1938.0743
650 _aManagement
942 _cTB
_hX:86 P9
999 _c1303499
_d1303499